Orthodontics: Principles and practice (Record no. 22673)
[ view plain ]
| 000 -LEADER | |
|---|---|
| fixed length control field | 00382nam a22001577a 4500 |
| 003 - CONTROL NUMBER IDENTIFIER | |
| control field | SGT |
| 020 ## - INTERNATIONAL STANDARD BOOK NUMBER | |
| International Standard Book Number | 9789350252420 |
| 082 ## - DEWEY DECIMAL CLASSIFICATION NUMBER | |
| Classification number | 617.64 O11P |
| 100 ## - MAIN ENTRY--PERSONAL NAME | |
| Personal name | Phulari, Basavaraj Subhashchandra |
| 245 ## - TITLE STATEMENT | |
| Title | Orthodontics: Principles and practice |
| 250 ## - EDITION STATEMENT | |
| Edition statement | 1st |
| 260 ## - PUBLICATION, DISTRIBUTION, ETC. (IMPRINT) | |
| Place of publication, distribution, etc | New Delhi, India |
| Name of publisher, distributor, etc | Jaypee Brothers |
| Year of Publication | 2011 |
| 300 ## - PAGE DESCRIPTION | |
| No. of Pages | 674 |
| 653 ## - KEYWORDS--INDEX TERM | |
| Keyword term | Orthodontics |
| 942 ## - ADDED ENTRY ELEMENTS (KOHA) | |
| Source of classification or shelving scheme | Dewey Decimal Classification |
| Koha item type | Books |
| Withdrawn status | Lost status | Source of classification or shelving scheme | Damaged status | Not for loan | Home library | Current library | Date acquired | SGTU | Total Checkouts | Full call number | Accession No. (Barcode) | Date last seen | Bill Date | Koha item type | Date last borrowed |
|---|---|---|---|---|---|---|---|---|---|---|---|---|---|---|---|
| Dewey Decimal Classification | SGT Dental Library | SGT Dental Library | 26/04/2022 | SGTU | 617.64 O11P | FD8500 | 26/04/2022 | 26/04/2022 | Books | ||||||
| Dewey Decimal Classification | SGT Dental Library | SGT Dental Library | 26/04/2022 | SGTU | 3 | 617.64 O11P | FD8502 | 29/12/2025 | 26/04/2022 | Books | 15/12/2025 |